Doom Eternal Demons - Statistics

General Stats
  • This quiz has been taken 46 times
  • The average score is 15 of 27
Answer Stats
Answer % Correct
Zombie
89%
Imp
86%
Cacodemon
79%
Mancubus
75%
Soldier
75%
Baron of Hell
71%
Hell Knight
71%
Pain Elemental
71%
Tyrant
68%
Doom Hunter
64%
Whiplash
61%
Archvile
57%
Cyber Mancubus
57%
Dread Knight
57%
Arachnotron
54%
Cueball
54%
Gargoyle
54%
Pinky
54%
Revenant
54%
Spectre
54%
Prowler
50%
Tentacle
50%
Lost Soul
39%
Carcass
36%
Buff Totem
25%
Maurauder
11%
Makyr Drones
4%
No matching quizzes found
Score Distribution
Percent of People with Each Score
Percentile by Number Answered
Your Score History
You have not taken this quiz